Scream, Souviens-toi l Été Dernier ou Urban Legend ? - Statistiques

Statistiques générales
  • Ce quiz a été pris 78 fois
  • Le résultat moyen est 43 sur 100
Statistiques - réponses
Hint Réponse % Correct
Sidney Prescott Scream
99%
Billy Loomis Scream
92%
Gale Weathers Scream
92%
Stuart « Stu » Macher Scream
92%
Dwight « Dewey » Riley Scream
88%
Tatum Riley Scream
83%
Randy Meeks Scream
82%
Julie James Souviens-toi… l'été dernier
82%
Neil Prescott Scream
81%
Casey Becker Scream
79%
Cotton Weary Scream
72%
Debbie Salt / Mme. Loomis Scream
68%
Paul Gardner Urban Legend
68%
Natalie Simon Urban Legend
67%
Helen Shivers Souviens-toi… l'été dernier
65%
Principal Arthur Himbry Scream
61%
Casey « Cici » Cooper Scream
61%
Mr et Mme Becker Scream
60%
Maureen Evans Scream
60%
Roman Bridger Scream
58%
Sasha Thomas Urban Legend
58%
Steven Orth Scream
57%
Mickey Altieri Scream
57%
Ray Bronson Souviens-toi… l'été dernier
57%
Phil Stevens Scream
56%
Shérif Burke Scream
54%
Elsa Shivers Souviens-toi… l'été dernier
54%
Kenneth « Kenny » Jones Scream
53%
Brenda Bates Urban Legend
53%
Barry William Cox Souviens-toi… l'été dernier
51%
Benjamin Willis Souviens-toi… l'été dernier
51%
Damon Brooks Urban Legend
50%
Derek Feldman Scream
47%
Officier Andrews Scream
47%
Melissa « Missy » Egan Souviens-toi… l'été dernier
47%
Felicia Urban Legend
46%
Jennifer Jolie Scream
44%
John Milton Scream
44%
Steven Stone Scream
44%
Will Benson / William Willis Souviens-toi… l'été dernier
44%
Martha Meeks Scream
43%
Karla Wilson Souviens-toi… l'été dernier
43%
Tosh Guaneri Urban Legend
43%
Officier Richards Scream
42%
Mark Kincaid Scream
42%
Sarah Darling Scream
42%
Max Neurick Souviens-toi… l'été dernier
42%
Michelle Mancini Urban Legend
42%
Sandra Petruzzi Urban Legend
40%
Angelina Tyler Scream
38%
Christine Hamilton Scream
38%
Mme James Souviens-toi… l'été dernier
38%
Professeur Solomon Urban Legend
38%
Hallie McDaniel Scream
36%
Chef Lewis Hartley Scream
36%
Reese Wilson Urban Legend
36%
Officier David Caporizo Souviens-toi… l'été dernier
35%
Tyrell Martin Souviens-toi… l'été dernier
35%
Professeur William Wexler Urban Legend
35%
Joel Jones Scream
32%
Graham Manning Urban Legend
32%
Bianca Burnette Scream
31%
Titus Souviens-toi… l'été dernier
31%
Lance Jones Souviens-toi… l'été dernier
31%
Paul « P. J. » Davis Jr Souviens-toi… l'été dernier
31%
Vanessa Valdeon Urban Legend
31%
Tyson Fox Scream
29%
Michael McDonnell Urban Legend
29%
Principal Dean Adams Urban Legend
29%
Toby Belcher Urban Legend
29%
Grace Taylor Urban Legend
29%
M. Brooks Souviens-toi… l'été dernier
28%
Dave Souviens-toi… l'été dernier
28%
Olga Souviens-toi… l'été dernier
28%
Roger Pack Souviens-toi… l'été dernier
28%
Thurston Souviens-toi… l'été dernier
26%
Parker Riley Urban Legend
26%
Schorm "Simon" Jabuscko Urban Legend
26%
Zoe Warner Souviens-toi… l'été dernier
25%
Travis Stark / Trevor Stark Urban Legend
25%
Tom Prinze Scream
24%
Estes Souviens-toi… l'été dernier
24%
Darick the Dockhand Souviens-toi… l'été dernier
24%
Stan Washington Urban Legend
24%
David Owens Urban Legend
24%
Roger Dalton Urban Legend
24%
Paulsen Souviens-toi… l'été dernier
22%
Shérif Paul Davis Souviens-toi… l'été dernier
22%
Buck Jacoby Urban Legend
22%
Coach Jacoby Urban Legend
22%
Colby Patterson Souviens-toi… l'été dernier
21%
Dirk Reynolds Urban Legend
21%
Docteur Richard Fain Urban Legend
21%
Amy Mayfield Urban Legend
19%
Samantha Owens Urban Legend
19%
Mary Banner Urban Legend
19%
Bill Owens Urban Legend
18%
Amber Williams Souviens-toi… l'été dernier
17%
Sheriff McKenna Urban Legend
17%
Heather Thompson Urban Legend
15%
Aucun quiz correspondant
Distribution des résultats
% des personnes avec chaque résultat
Percentile par nombre de réponses
Votre historique - résultats
Vous n’avez pas pris ce quiz